ნორმალური ფორმატი
MARC ფორმატი
ჩანაწერი Corporate Name
ჩანაწერთა რაოდენობა, რომელიც გამოყენებულია: 2
001 - CONTROL NUMBER
- control field: 1406
003 - CONTROL NUMBER IDENTIFIER
- control field: GE_BSU
005 - DATE AND TIME OF LATEST TRANSACTION
- control field: 20190520152320.0
008 - FIXED-LENGTH DATA ELEMENTS
- fixed length control field: 190520|| aca||aabn | a|a d
040 ## - CATALOGING SOURCE
- Original cataloging agency: GE_BSU
- Transcribing agency: GE_BSU
110 ## - HEADING--CORPORATE NAME
- Corporate name or jurisdiction name as entry element: შოთა რუსთაველის სახელმწ. უნ-ტი
- Subordinate unit: სოციალ. მეცნ., ბიზნესისა და სამართალმცოდნ. ფაკ., იურიდ. მეცნ. დეპარტამენტი.
670 ## - SOURCE DATA FOUND
- Source citation: Work cat.: (GE_BSU)36152: გორგოშაძე, მურმან 1404, იურიდიული გეოგრაფია :
